| 000 | 00592nam a2200217Ia 4500 | ||
|---|---|---|---|
| 003 | LK-CoDNM | ||
| 008 | 010623t1980 xxu||||| |||| 00| 1 eng d | ||
| 040 |
_aLK-CoDNM _dLK-CoDNM _eLK-CoDNM |
||
| 041 | _aeng | ||
| 080 | _a913(1700) MOR | ||
| 100 | _aGraff,Henry.F | ||
| 245 | _aThe Life History of the united States.the new World | ||
| 260 |
_bTime life Books _aVirginiya _c1980 |
||
| 300 | _b176p., iill37pl,map, 27 cm | ||
| 650 | _aAmerica | ||
| 650 | _aBefore 1775 | ||
| 650 | _aCulture 625: America | ||
| 650 | _aPlantation | ||
| 700 |
_aMorris,Richard.B _eed. |
||
| 942 | _cBK | ||
| 999 |
_c111238 _d111238 |
||